000 00378nam a22001577a 4500
003 MPLRDC
005 20220104123510.0
008 210129b ||||| |||| 00| 0 eng d
082 _a229.2 MTL c.2
100 _a曼陀罗室主人著
245 _a观世音全传
_c
260 _a
_b八打耿再也观音亭
_c1976
300 _b
650 _a
942 _cBK
_o229.2 MTL c.2
999 _c11907
_d11897